[Event "Fujairah Global Superstar"]
[Site "Fujairah City UAE"]
[Date "2025.08.25"]
[Round "1.21"]
[White "Zhu, Jiner"]
[Black "Kuzubov, Yuriy"]
[Result "1-0"]
[WhiteTitle "GM"]
[BlackTitle "GM"]
[WhiteElo "2536"]
[BlackElo "2600"]
[WhiteFideId "8608059"]
[BlackFideId "14112906"]
[EventDate "2025.08.25"]

1. e4 e5 2. Nf3 Nc6 3. Bc4 Bc5 4. c3 Nf6 5. d3 d6 6. O-O O-O 7. Re1 Bb6 8. h3
Ne7 9. Bb3 Ng6 10. Nbd2 Nh5 11. Nf1 Nhf4 12. d4 Qf6 13. Ng3 Be6 14. Bc2 h6 15.
Nf5 Rfe8 16. Be3 Rad8 17. Kh2 c5 18. d5 Bxf5 19. exf5 Ne7 20. Bxf4 exf4 21. Re4
Rf8 22. Qd2 g5 23. fxg6 Nxg6 24. Rae1 Rd7 25. Ra4 Bd8 26. Rxa7 Ne5 27. Nxe5 dxe5
28. Qd3 Qg7 29. Ba4 c4 30. Qf3 Bb6 31. Bxd7 Bxa7 32. Bb5 f5 33. d6 Kh8 34. Bxc4
Rd8 35. Rd1 Bc5 36. Qh5 Qf6 37. Kg1 Bxd6 38. Rd5 Rf8 39. Qd1 Be7 40. Rd7 b6 41.
Qh5 Bd6 42. Bf7 Bb8 43. Bg6 Qg5 44. Qxg5 hxg5 45. Bxf5 Rxf5 46. Rd8+ Kg7 47.
Rxb8 e4 48. Re8 Ra5 49. Rxe4 Rxa2 50. Rb4 1-0

[Event "Fujairah Global Superstar"]
[Site "Fujairah City UAE"]
[Date "2025.08.26"]
[Round "2.1"]
[White "Jacobson, Brandon"]
[Black "Sjugirov, Sanan"]
[Result "1/2-1/2"]
[WhiteTitle "GM"]
[BlackTitle "GM"]
[WhiteElo "2594"]
[BlackElo "2636"]
[WhiteFideId "30901561"]
[BlackFideId "4189302"]
[EventDate "2025.08.25"]

1. d4 Nf6 2. c4 c6 3. Nf3 d5 4. e3 Bf5 5. Nc3 e6 6. Nh4 Bg6 7. Be2 Nbd7 8. O-O
Be7 9. g3 O-O 10. Nxg6 hxg6 11. b3 a6 12. Qc2 b5 13. a3 bxc4 14. bxc4 dxc4 15.
Na4 c5 16. dxc5 Nxc5 17. Nxc5 Bxc5 18. Qxc4 Qd5 19. Qxd5 Nxd5 20. Bd2 Rfb8 21.
Ra2 Rb3 22. Rfa1 a5 23. Bc4 Rb7 24. Rc2 Bf8 25. Bxd5 exd5 26. a4 Rb3 27. Rc3
Rxc3 28. Bxc3 Bb4 29. Bxb4 axb4 30. a5 b3 31. h4 Kf8 32. Rb1 Rxa5 33. Rxb3 Ke7
34. Rb7+ Ke6 1/2-1/2

[Event "Fujairah Global Superstar"]
[Site "Fujairah City UAE"]
[Date "2025.08.26"]
[Round "2.2"]
[White "Cheparinov, Ivan"]
[Black "Muradli, Mahammad"]
[Result "1/2-1/2"]
[WhiteTitle "GM"]
[BlackTitle "GM"]
[WhiteElo "2625"]
[BlackElo "2586"]
[WhiteFideId "2905540"]
[BlackFideId "13409301"]
[EventDate "2025.08.25"]

1. c4 c5 2. Nc3 Nc6 3. g3 g6 4. Bg2 Bg7 5. Nf3 d6 6. O-O Nf6 7. d4 cxd4 8. Nxd4
Bd7 9. Nc2 h5 10. h4 Be6 11. b3 O-O 12. Bg5 Qd7 13. Rc1 Nh7 14. Bd2 Bh3 15. e4
a6 16. Nd5 Bxg2 17. Kxg2 Rab8 18. Bc3 Bxc3 19. Nxc3 b5 20. cxb5 axb5 21. Nd5
Rfc8 22. Nd4 Nxd4 23. Qxd4 Qb7 24. Kg1 e6 25. Nb4 Ra8 26. Rfe1 g5 27. Qxd6 Rxc1
28. Rxc1 gxh4 29. Qf4 Rc8 30. Rxc8+ Qxc8 31. gxh4 Nf8 32. Qg3+ Ng6 33. Kh2 Qa8
34. Qg2 Qd8 35. Qg3 Qa8 36. Qg2 Kf8 37. Nd3 Qa7 38. a4 Qxa4 39. Nc5 Qa2 40. Qg3
Kg7 41. b4 Qc4 42. Qd6 Qc3 43. Nd3 Nxh4 44. Qe5+ Qxe5+ 45. Nxe5 f6 46. Nc6 Nf3+
47. Kg2 Ne1+ 48. Kg3 Nc2 49. Kh4 Kh6 50. f4 Kg6 51. Ne7+ Kh6 52. Nc6 f5 53. exf5
exf5 54. Kg3 Kg6 55. Kh4 Kh6 56. Kg3 Kg7 57. Kh4 Kg6 58. Ne7+ Kf6 59. Nd5+ Kg6
60. Ne7+ 1/2-1/2

[Event "Fujairah Global Superstar"]
[Site "Fujairah City UAE"]
[Date "2025.08.26"]
[Round "2.3"]
[White "Mishra, Abhimanyu"]
[Black "Hong, Andrew"]
[Result "1/2-1/2"]
[WhiteTitle "GM"]
[BlackTitle "GM"]
[WhiteElo "2610"]
[BlackElo "2580"]
[WhiteFideId "30920019"]
[BlackFideId "2099438"]
[EventDate "2025.08.25"]

1. e4 c6 2. d4 d5 3. Nc3 dxe4 4. Nxe4 Nf6 5. Nxf6+ exf6 6. c3 Bd6 7. Bd3 O-O 8.
Ne2 Re8 9. Qc2 h5 10. O-O h4 11. h3 Nd7 12. Bd2 Nf8 13. Rae1 g6 14. c4 Bc7 15.
d5 cxd5 16. cxd5 Bd7 17. Nd4 Rc8 18. Qb3 Rxe1 19. Rxe1 Ba5 20. Bxa5 Qxa5 21. Nf3
b6 22. Bc4 Kg7 23. d6 Ne6 24. Bxe6 Bxe6 25. Rxe6 fxe6 26. Qxe6 Qf5 27. Qe7+ Kh6
28. d7 Rc1+ 29. Ne1 Rxe1+ 30. Qxe1 Qxd7 31. Qe4 g5 32. Qe3 Kg6 33. Qe4+ Kg7 34.
a3 a5 35. g4 hxg3 36. fxg3 Qxh3 37. Qe7+ Kg6 38. Qe8+ Kg7 39. Qe7+ Kg6 40. Qe8+
Kg7 41. Qe7+ Kg6 1/2-1/2

[Event "Fujairah Global Superstar"]
[Site "Fujairah City UAE"]
[Date "2025.08.26"]
[Round "2.4"]
[White "Zemlyanskii, Ivan"]
[Black "Suleymanli, Aydin"]
[Result "0-1"]
[WhiteTitle "GM"]
[BlackTitle "GM"]
[WhiteElo "2586"]
[BlackElo "2609"]
[WhiteFideId "24249971"]
[BlackFideId "13413937"]
[EventDate "2025.08.25"]

1. c4 Nf6 2. Nc3 e5 3. Nf3 Nc6 4. e3 Bb4 5. Qc2 Bxc3 6. bxc3 d6 7. e4 O-O 8. Be2
h6 9. O-O b6 10. d3 Nh7 11. Be3 f5 12. exf5 Bxf5 13. h3 Nf6 14. Qb3 Kh8 15. Rad1
Qe7 16. Rfe1 Qf7 17. d4 Na5 18. Qb5 Bd7 19. Qb1 e4 20. Nd2 Rae8 21. Kh2 Bf5 22.
Qc2 c5 23. Qa4 Qc7 24. Kg1 Bd7 25. Qc2 Qc8 26. Nf1 Be6 27. d5 Bf5 28. Ng3 Bh7
29. Qc1 Nd7 30. Bf4 Ne5 31. Bxe5 Rxe5 32. Nf1 Qe8 33. Qe3 Bg6 34. Nd2 Qa4 35.
Ra1 Qd7 36. Rf1 Rfe8 37. Rae1 Qa4 38. a3 Qd7 39. Bd1 a6 40. a4 b5 41. axb5 axb5
42. cxb5 Qxb5 43. Be2 c4 44. Rb1 Qxd5 45. Rfd1 Qc5 46. Nf1 Rd8 47. Rb6 Qc7 48.
Rdb1 Kh7 49. R1b4 Rc5 50. Ra6 Nc6 51. Rbb6 Nb8 52. Ng3 Nxa6 53. Rxa6 Re5 54. h4
h5 55. Nf1 Ra5 56. Rb6 Qa7 57. Bxc4 d5 58. Qd4 Ra4 59. Ne3 Rc8 60. Nxd5 Raxc4
61. Qe5 Qf7 62. Nf4 R4c5 63. Qd6 Bf5 0-1

[Event "Fujairah Global Superstar"]
[Site "Fujairah City UAE"]
[Date "2025.08.26"]
[Round "2.5"]
[White "Iturrizaga Bonelli, Eduardo"]
[Black "Pranav, V"]
[Result "0-1"]
[WhiteTitle "GM"]
[BlackTitle "GM"]
[WhiteElo "2576"]
[BlackElo "2597"]
[WhiteFideId "3901211"]
[BlackFideId "25060783"]
[EventDate "2025.08.25"]

1. d4 Nf6 2. c4 e6 3. Nf3 b6 4. a3 Bb7 5. Nc3 Ne4 6. Nxe4 Bxe4 7. Nd2 Bb7 8. e4
g6 9. Bd3 Bg7 10. Nf3 d6 11. Bg5 Qd7 12. O-O O-O 13. Rb1 h6 14. Be3 f5 15. exf5
gxf5 16. d5 exd5 17. cxd5 Bxd5 18. Nh4 Nc6 19. Qh5 Qe8 20. Qxe8 Raxe8 21. Nxf5
Ne5 22. Bc2 Nc4 23. Nxg7 Kxg7 24. Bd4+ Kf7 25. Bc3 Rg8 26. g3 Bf3 27. Bd1 Bxd1
28. Rbxd1 Re4 29. Rd3 Ke6 30. f4 h5 31. Kf2 Rf8 32. Rfd1 Rf5 33. Kf3 d5 34. a4
c5 35. b3 Nd6 36. Bd2 d4 37. h3 Rf8 38. Re1 Kd5 39. Rxe4 Nxe4 40. Bc1 a6 41. g4
hxg4+ 42. hxg4 b5 43. axb5 axb5 44. f5 Rh8 45. Kg2 Rh4 46. g5 Rg4+ 47. Kh3 Nf2+ 0-1

[Event "Fujairah Global Superstar"]
[Site "Fujairah City UAE"]
[Date "2025.08.26"]
[Round "2.6"]
[White "Movahed, Sina"]
[Black "Motylev, Alexander"]
[Result "0-1"]
[WhiteTitle "GM"]
[BlackTitle "GM"]
[WhiteElo "2558"]
[BlackElo "2595"]
[WhiteFideId "42520835"]
[BlackFideId "4121830"]
[EventDate "2025.08.25"]

1. e4 e5 2. Nf3 Nc6 3. Bc4 Nf6 4. d3 Bc5 5. O-O d6 6. c3 a5 7. Re1 O-O 8. h3 Ba7
9. Na3 Ne7 10. d4 Ng6 11. Bd3 Re8 12. Qc2 c6 13. Be3 b5 14. Rad1 Bd7 15. Nb1 h6
16. Nbd2 Qc7 17. Nf1 Nh5 18. N1h2 Nf6 19. Kh1 Rac8 20. Qb1 d5 21. dxe5 Bxe3 22.
Rxe3 Nxe5 23. Nxe5 Rxe5 24. Nf3 Rh5 25. Kg1 dxe4 26. Bxe4 Nxe4 27. Qxe4 Be6 28.
Rde1 Rf5 29. Nd4 Rf6 30. Qh4 Bd7 31. Nf3 Qf4 32. Qxf4 Rxf4 33. Re7 Bxh3 34. Re8+
Rxe8 35. Rxe8+ Kh7 36. Ra8 a4 37. Nd4 Be6 38. Nxe6 fxe6 39. b3 axb3 40. axb3 Rf5
41. c4 bxc4 42. bxc4 Kg6 43. f3 Rf4 44. Ra4 Rd4 45. Kf2 Kf6 46. Ke3 c5 47. g3 h5
48. f4 g6 49. Kf3 Rd3+ 50. Kg2 Rc3 51. Kh3 Rc2 52. Ra8 Rxc4 53. Rf8+ Ke7 54. Rg8
Kf7 55. Rc8 Rc3 56. Kh4 c4 57. Rc5 Kf6 58. Rc8 Rc1 59. Rf8+ Ke7 60. Rc8 c3 61.
Kh3 Kd7 62. Rc4 Kd6 63. Kg2 Kd5 64. Rc8 Ke4 65. Rc6 Rc2+ 66. Kh3 Kd5 67. Rc8 Kd4
68. Rd8+ Kc5 69. Rc8+ Kd6 70. Kh4 Rc1 71. Kh3 e5 72. fxe5+ Kxe5 73. Kg2 Kd4 74.
Rd8+ Ke4 75. Re8+ Kd3 76. Rd8+ Kc2 77. Rg8 Rd1 78. Rxg6 Rd5 0-1

[Event "Fujairah Global Superstar"]
[Site "Fujairah City UAE"]
[Date "2025.08.26"]
[Round "2.7"]
[White "Lu, Shanglei"]
[Black "Zhu, Jiner"]
[Result "1/2-1/2"]
[WhiteTitle "GM"]
[BlackTitle "GM"]
[WhiteElo "2647"]
[BlackElo "2536"]
[WhiteFideId "8603332"]
[BlackFideId "8608059"]
[EventDate "2025.08.25"]

1. e4 e5 2. Nf3 Nc6 3. Bc4 Bc5 4. c3 Nf6 5. d4 exd4 6. e5 d5 7. Bb5 Ne4 8. cxd4
Bb4+ 9. Bd2 Be7 10. Nc3 a6 11. Bxc6+ bxc6 12. Qc2 Nxd2 13. Qxd2 O-O 14. h3 a5
15. O-O a4 16. Rac1 Bf5 17. Qd1 a3 18. b3 Bb4 19. Na4 f6 20. Nc5 Qe8 21. exf6
Rxf6 22. Ne5 Rd8 23. Ned3 Bxd3 24. Nxd3 Bd6 25. Re1 Re6 26. Rxe6 Qxe6 27. Qg4
Re8 28. Kf1 Qe4 29. Rc3 Re6 30. Qxe4 Rxe4 31. Rxc6 Rxd4 32. Ke2 Re4+ 33. Kd2 Re6
34. Rc2 h5 35. b4 h4 36. Kc3 Re4 37. f3 Re8 38. Kd4 Rb8 39. Kxd5 Bxb4 40. Rxc7
Bf8 41. f4 Rb1 42. Rc1 Rb5+ 43. Ke4 Be7 44. Rc7 Bf6 45. Ra7 Bb2 46. f5 Kh7 47.
f6 Bxf6 48. Rxa3 Rg5 49. Nf4 Re5+ 50. Kf3 Rf5 51. Ke4 Re5+ 52. Kd3 g5 53. Ne2
Rd5+ 54. Ke3 Kg6 55. Ra4 Rd1 56. Rc4 Ra1 57. Rc2 Kf5 58. Nd4+ Bxd4+ 59. Kxd4 Kf4
60. Kc3 Kg3 61. Kb2 Re1 62. a4 g4 63. hxg4 Kxg4 64. Kb3 Rb1+ 65. Ka2 Re1 66. Kb3
Rb1+ 67. Kc4 Ra1 68. Kb5 Kg3 69. a5 Rb1+ 70. Kc5 Ra1 71. Kb6 Rb1+ 72. Ka7 Rg1
73. a6 Rxg2 74. Rxg2+ Kxg2 75. Kb6 h3 76. a7 h2 77. a8=Q+ Kg1 78. Kc5 h1=Q 79.
Qxh1+ Kxh1 1/2-1/2

[Event "Fujairah Global Superstar"]
[Site "Fujairah City UAE"]
[Date "2025.08.26"]
[Round "2.8"]
[White "Narayanan, S.L."]
[Black "Sadhwani, Raunak"]
[Result "1/2-1/2"]
[WhiteTitle "GM"]
[BlackTitle "GM"]
[WhiteElo "2595"]
[BlackElo "2676"]
[WhiteFideId "5058422"]
[BlackFideId "35093487"]
[EventDate "2025.08.25"]

1. d4 Nf6 2. c4 e6 3. Nf3 d5 4. Nc3 c5 5. cxd5 cxd4 6. Qxd4 exd5 7. Bg5 Be7 8.
Qa4+ Bd7 9. Qc2 O-O 10. e3 Be6 11. Be2 Nc6 12. Rd1 h6 13. Bh4 Rc8 14. O-O Qa5
15. Qb1 Rfe8 16. Nd4 Nxd4 17. Rxd4 Ne4 18. Nxe4 dxe4 19. Bxe7 Rxe7 20. Qxe4 Qxa2
21. Bd3 g6 22. Qh4 Rd7 23. Qxh6 Rxd4 24. exd4 Qd5 25. Re1 Qxd4 26. Bxg6 Qg7 27.
Qxg7+ Kxg7 28. Be4 b5 29. f4 a5 30. Kf2 a4 1/2-1/2

[Event "Fujairah Global Superstar"]
[Site "Fujairah City UAE"]
[Date "2025.08.26"]
[Round "2.9"]
[White "Grebnev, Aleksey"]
[Black "Shankland, Sam"]
[Result "1/2-1/2"]
[WhiteTitle "GM"]
[BlackTitle "GM"]
[WhiteElo "2595"]
[BlackElo "2670"]
[WhiteFideId "34189030"]
[BlackFideId "2004887"]
[EventDate "2025.08.25"]

1. e4 c5 2. Nf3 d6 3. Nc3 Nf6 4. d4 cxd4 5. Qxd4 Nc6 6. Bb5 Nd7 7. Qc4 Nb6 8.
Bxc6+ bxc6 9. Qxc6+ Bd7 10. Qb7 Bc8 11. Qc6+ Bd7 12. Qb7 Bc8 13. Qc6+ Bd7 14.
Qb7 Bc8 15. Qc6+ 1/2-1/2

[Event "Fujairah Global Superstar"]
[Site "Fujairah City UAE"]
[Date "2025.08.26"]
[Round "2.10"]
[White "Pichot, Alan"]
[Black "Salem, A.R. Saleh"]
[Result "1/2-1/2"]
[WhiteTitle "GM"]
[BlackTitle "GM"]
[WhiteElo "2581"]
[BlackElo "2640"]
[WhiteFideId "110973"]
[BlackFideId "9301348"]
[EventDate "2025.08.25"]

1. e4 e6 2. d4 d5 3. Nc3 Bb4 4. Ne2 dxe4 5. a3 Bxc3+ 6. Nxc3 Nc6 7. Bf4 Nf6 8.
Qd2 Ne7 9. Bc4 Bd7 10. O-O-O Bc6 11. Be5 Bd5 12. Qe2 Bxc4 13. Qxc4 Ned5 14. Bxf6
Qxf6 15. Nxd5 exd5 16. Qxd5 Qf4+ 17. Rd2 O-O 18. g3 c6 19. Qb3 Qh6 20. Re1 Rad8
21. Rxe4 Qxh2 22. Qe3 Qh3 23. b3 h6 24. Re7 Rd7 25. Kb2 Qf5 26. Rxd7 Qxd7 27. d5
b6 28. d6 Re8 29. Qd4 c5 30. Qd5 Kf8 31. f3 Rd8 32. g4 Qe6 33. Qc6 g6 34. a4
Qf6+ 35. Kb1 Qe6 36. Ka2 Qe3 37. Rd3 1/2-1/2

[Event "Fujairah Global Superstar"]
[Site "Fujairah City UAE"]
[Date "2025.08.26"]
[Round "2.11"]
[White "Martinez Alcantara, Jose Eduardo"]
[Black "Socko, Bartosz"]
[Result "1-0"]
[WhiteTitle "GM"]
[BlackTitle "GM"]
[WhiteElo "2636"]
[BlackElo "2574"]
[WhiteFideId "3805662"]
[BlackFideId "1107038"]
[EventDate "2025.08.25"]

1. e4 c5 2. Nf3 e6 3. c3 d5 4. exd5 Qxd5 5. d4 Nf6 6. Na3 Nc6 7. Nb5 Qd8 8. dxc5
Bxc5 9. Qxd8+ Kxd8 10. b4 Bb6 11. a4 Ne4 12. Ng5 Nxg5 13. Bxg5+ f6 14. Bd2 a5
15. Nd6 Ke7 16. Nc4 Bc7 17. b5 Ne5 18. Be3 Nxc4 19. Bxc4 b6 20. O-O-O Bb7 21.
Rhe1 Rhc8 22. Bb3 Be5 23. Bd2 Bxg2 24. f4 Bxc3 25. Rxe6+ Kf8 26. Bxc3 Rxc3+ 27.
Kb2 Rc7 28. Rxb6 Re8 29. Rd2 Bb7 30. Rbd6 h5 31. Be6 g5 32. fxg5 fxg5 33. Bb3
Kg7 34. b6 Rce7 35. Rc2 Rc8 36. Rxc8 Bxc8 37. Rd5 Rb7 38. Rxg5+ Kh6 39. Rc5 Rb8
40. Kc3 Bd7 41. Rd5 Bg4 42. Rd6+ Kg5 43. Bd5 Bd1 44. b7 Kf4 45. Ra6 Bf3 46. Ra8
Rxb7 47. Bxb7 Bxb7 48. Rxa5 Kg4 49. Rb5 Bc6 50. Rb2 Kh3 51. a5 Bg2 52. a6 1-0

[Event "Fujairah Global Superstar"]
[Site "Fujairah City UAE"]
[Date "2025.08.26"]
[Round "2.12"]
[White "Pranav, Anand"]
[Black "Daneshvar, Bardiya"]
[Result "1-0"]
[WhiteTitle "GM"]
[BlackTitle "GM"]
[WhiteElo "2590"]
[BlackElo "2625"]
[WhiteFideId "46626786"]
[BlackFideId "12576468"]
[EventDate "2025.08.25"]

1. d4 Nf6 2. c4 g6 3. Nc3 Bg7 4. e4 d6 5. f3 O-O 6. Be3 c5 7. Nge2 Qa5 8. Nc1
cxd4 9. Nb3 Qb6 10. Bxd4 Qd8 11. Be2 Nc6 12. Be3 a5 13. Nd4 Bd7 14. Ndb5 Ne5 15.
O-O Rc8 16. b3 Bxb5 17. Nxb5 a4 18. Qd2 Nfd7 19. f4 Nc6 20. Rab1 axb3 21. axb3
Nc5 22. Bf3 Na6 23. b4 Ra8 24. h3 Qc8 25. Bg4 Qe8 26. Rfc1 h5 27. Bf3 Rc8 28.
Kh1 Nd8 29. Rc2 Nc7 30. Nc3 Nc6 31. b5 Nd8 32. f5 Be5 33. Bh6 b6 34. Rf1 Kh7 35.
Nd5 Nxd5 36. exd5 Rg8 37. Be3 f6 38. Qe2 g5 39. Bxh5 Qd7 40. Bxb6 Kg7 41. Ra2
Nb7 42. Ra7 Rh8 43. Bg4 Ra8 44. Qa2 Rxa7 45. Qxa7 Qc8 46. Rc1 Kh6 47. Be3 Nc5
48. b6 Rd8 49. Rb1 Nb7 50. Qa6 Qd7 51. Qb5 Qc8 52. Rb4 Nc5 53. b7 Qb8 54. Rb1
Nd7 55. Qa5 1-0

[Event "Fujairah Global Superstar"]
[Site "Fujairah City UAE"]
[Date "2025.08.26"]
[Round "2.13"]
[White "Dardha, Daniel"]
[Black "Aditya, Mittal"]
[Result "1/2-1/2"]
[WhiteTitle "GM"]
[BlackTitle "GM"]
[WhiteElo "2616"]
[BlackElo "2560"]
[WhiteFideId "240990"]
[BlackFideId "35042025"]
[EventDate "2025.08.25"]

1. Nf3 d5 2. b3 c5 3. e3 Nf6 4. Bb2 g6 5. c4 dxc4 6. Bxc4 Bg7 7. h3 O-O 8. Qe2
Nc6 9. O-O b6 10. Rd1 Bb7 11. d4 cxd4 12. Nxd4 Nxd4 13. Bxd4 Qc8 14. Nc3 Qf5 15.
Nb5 Qg5 16. f4 Qh4 17. Nc3 Rad8 18. Be5 e6 19. Qf2 Qxf2+ 20. Kxf2 Ne4+ 21. Nxe4
Bxe4 22. Bxg7 Kxg7 23. g4 Kf6 24. g5+ Ke7 25. Rac1 Rxd1 26. Rxd1 Rc8 27. Rd4 Bd5
28. Bxd5 Rc2+ 29. Kf3 exd5 30. Rxd5 Rxa2 31. b4 Rh2 32. Ke4 1/2-1/2

[Event "Fujairah Global Superstar"]
[Site "Fujairah City UAE"]
[Date "2025.08.26"]
[Round "2.14"]
[White "Kantor, Gergely"]
[Black "Donchenko, Alexander"]
[Result "0-1"]
[WhiteTitle "GM"]
[BlackTitle "GM"]
[WhiteElo "2569"]
[BlackElo "2616"]
[WhiteFideId "751499"]
[BlackFideId "24603295"]
[EventDate "2025.08.25"]

1. d4 d5 2. c4 c6 3. Nf3 Nf6 4. Nc3 dxc4 5. a4 e6 6. e3 c5 7. Bxc4 cxd4 8. Nxd4
Bb4 9. O-O O-O 10. Qe2 e5 11. Nc2 Bxc3 12. bxc3 Qc7 13. Ba3 Rd8 14. Rfd1 Rxd1+
15. Rxd1 Bg4 16. f3 Be6 17. Bxe6 fxe6 18. Bd6 Qxc3 19. Rd3 Qb2 20. Ba3 Qb6 21.
Rd6 Qc7 22. Rxe6 Nbd7 23. e4 Rc8 24. Ne3 Qc3 25. Bb2 Qb4 26. Bxe5 Kf7 27. Rxf6+
gxf6 28. Bb2 Nb6 29. Qf2 Nxa4 30. Qh4 Qxb2 31. Qxh7+ Ke8 32. Qg8+ Kd7 33. Qf7+
Kd6 0-1

[Event "Fujairah Global Superstar"]
[Site "Fujairah City UAE"]
[Date "2025.08.26"]
[Round "2.15"]
[White "Mendonca, Leon Luke"]
[Black "Pranesh, M"]
[Result "1/2-1/2"]
[WhiteTitle "GM"]
[BlackTitle "GM"]
[WhiteElo "2606"]
[BlackElo "2589"]
[WhiteFideId "35028561"]
[BlackFideId "35028600"]
[EventDate "2025.08.25"]

1. Nf3 d5 2. g3 c6 3. Bg2 Bf5 4. O-O Nd7 5. d3 e5 6. Nbd2 Ngf6 7. e4 dxe4 8.
dxe4 Be6 9. Ng5 Bg4 10. Bf3 Bxf3 11. Ngxf3 Qc7 12. Qe2 Bc5 13. a4 O-O 14. b3 a5
15. Bb2 Rfe8 16. Kg2 Bb4 17. Rfd1 h6 18. Nh4 Rab8 19. Nf5 b5 20. f3 Nf8 21. Nf1
Ne6 22. N1e3 Bf8 23. axb5 cxb5 24. Ba3 Bxa3 25. Rxa3 Nd4 26. Qf2 Rbc8 27. Ra2
Nxf5 28. Nxf5 Red8 29. Rxd8+ Rxd8 30. c4 bxc4 31. bxc4 Kh7 32. c5 Nd7 33. c6
Qxc6 34. Rxa5 Rb8 1/2-1/2

[Event "Fujairah Global Superstar"]
[Site "Fujairah City UAE"]
[Date "2025.08.26"]
[Round "2.16"]
[White "Gorshtein, Ido"]
[Black "Nihal, Sarin"]
[Result "0-1"]
[WhiteTitle "GM"]
[BlackTitle "GM"]
[WhiteElo "2571"]
[BlackElo "2692"]
[WhiteFideId "2815532"]
[BlackFideId "25092340"]
[EventDate "2025.08.25"]

1. d4 Nf6 2. c4 g6 3. Nc3 d5 4. cxd5 Nxd5 5. e4 Nxc3 6. bxc3 Bg7 7. Bc4 c5 8.
Ne2 Nc6 9. Be3 O-O 10. O-O Bg4 11. f3 Bd7 12. Rb1 a6 13. dxc5 Na5 14. Bd3 Qc7
15. Nd4 Rfd8 16. Qe2 e6 17. Qf2 Bf8 18. f4 Bc6 19. f5 exf5 20. exf5 Bd5 21. fxg6
fxg6 22. Qh4 Rd7 23. Rf2 Re8 24. Rbf1 Rf7 25. Rxf7 Bxf7 26. Bg5 Bxc5 27. Bf6 Be7
28. Rf3 Bxf6 29. Qxf6 Qe7 30. Qxe7 Rxe7 31. a4 Kg7 32. h4 Rc7 33. Be4 Nc4 34.
Bc2 Ne5 35. Re3 Ng4 36. Rf3 h5 37. Bd1 Nf6 38. Bc2 Re7 39. Bd3 Re1+ 40. Rf1 Re3
41. Rf3 Rxf3 42. gxf3 Nd5 43. Be4 b6 44. Bxd5 Bxd5 45. Kf2 Kf6 46. f4 Bf7 47.
Ke3 a5 48. Nb5 Bb3 49. Nc7 Kf5 50. Na8 Bxa4 51. Nxb6 Bc6 52. Nc8 Kg4 53. Ne7 Be8
54. c4 a4 55. Kd4 Kxh4 56. f5 gxf5 57. Nxf5+ Kg4 58. Ne3+ Kg5 59. Nf1 h4 60. Ke3
a3 61. Nd2 a2 62. Nb3 Ba4 63. Na1 h3 64. Kf3 Kh4 0-1

[Event "Fujairah Global Superstar"]
[Site "Fujairah City UAE"]
[Date "2025.08.26"]
[Round "2.17"]
[White "Tabatabaei, M. Amin"]
[Black "Naiditsch, Arkadij"]
[Result "1-0"]
[WhiteTitle "GM"]
[BlackTitle "GM"]
[WhiteElo "2673"]
[BlackElo "2604"]
[WhiteFideId "12521213"]
[BlackFideId "4650891"]
[EventDate "2025.08.25"]

1. e4 e5 2. Nf3 Nc6 3. Bc4 Nf6 4. d3 Bc5 5. Nc3 a6 6. O-O d6 7. a4 Bg4 8. h3 Bh5
9. Nd5 Nd4 10. g4 Bg6 11. Nxd4 Bxd4 12. Bg5 c6 13. Nxf6+ gxf6 14. Be3 Bxe3 15.
fxe3 h5 16. Qf3 hxg4 17. hxg4 Qd7 18. Kf2 O-O-O 19. Rh1 Rhe8 20. Bb3 d5 21. exd5
cxd5 22. Qxf6 Qxg4 23. Qh4 Qf5+ 24. Ke2 e4 25. Qh3 d4 26. Bc4 Rd7 27. Qxf5 Bxf5
28. Rh4 exd3+ 29. Bxd3 Bxd3+ 30. cxd3 Rxe3+ 31. Kd2 Rf3 32. Rc1+ Kb8 33. Rc4
Rf2+ 34. Kc1 Rf1+ 35. Kd2 Rf2+ 36. Kc1 f5 37. Rcxd4 Rxd4 38. Rxd4 Kc7 39. Kb1 f4
40. Ka2 Kc6 41. Kb3 Rf1 42. Kb4 b6 43. a5 b5 44. Rd8 f3 45. Ra8 Kd5 46. Rxa6 Ke5
47. Ra8 Rb1 48. Rf8 Rxb2+ 49. Kc5 f2 50. a6 b4 51. a7 Ra2 52. a8=Q Rxa8 53. Rxa8
b3 54. Ra1 Kf4 55. Kd4 b2 56. Rb1 Kf3 57. Kc3 1-0

[Event "Fujairah Global Superstar"]
[Site "Fujairah City UAE"]
[Date "2025.08.26"]
[Round "2.18"]
[White "Theodorou, Nikolas"]
[Black "Kuzubov, Yuriy"]
[Result "1/2-1/2"]
[WhiteTitle "GM"]
[BlackTitle "GM"]
[WhiteElo "2646"]
[BlackElo "2600"]
[WhiteFideId "4262875"]
[BlackFideId "14112906"]
[EventDate "2025.08.25"]

1. Nf3 d5 2. g3 Nd7 3. d4 Nb6 4. Bg2 Nf6 5. O-O Bf5 6. Nh4 Be6 7. a4 a5 8. b3 g6
9. Nc3 Bg7 10. Ba3 O-O 11. Qd3 Re8 12. Rad1 Qc8 13. e4 Nxe4 14. Nxe4 dxe4 15.
Bxe4 Bg4 16. Bf3 Bh3 17. Rfe1 e5 18. dxe5 Nd7 19. e6 Rxe6 20. Rxe6 Bxe6 21. Bd5
Ne5 22. Bxe6 Qxe6 23. Qe4 Qc6 24. Qxc6 Nxc6 25. Rd7 Rc8 26. Nf3 Nb8 27. Rd5 Nc6
28. Bc1 Rd8 29. Rxd8+ Nxd8 30. Bd2 b6 31. Kf1 Kf8 32. Ke2 Ke7 33. Kd3 Kd7 34.
Kc4 Kc6 35. Bf4 Ne6 36. Be5 Bf8 37. Nd4+ Nxd4 38. Bxd4 Be7 39. g4 Bd6 40. h3 Bf4
41. c3 Bd6 42. f3 Bf4 43. b4 Bg3 44. Bg7 Bf4 45. Bf6 Bg3 46. Bg5 Bh2 47. Bd2 Be5
48. Bc1 Bg3 49. Ba3 Be1 50. Bc1 Bg3 51. Bh6 Be5 52. f4 Bf6 53. Bf8 Bh8 54. f5
Be5 55. Be7 Kd7 56. Bg5 c6 57. Be3 Kc7 58. bxa5 bxa5 59. Kd3 Bd6 60. Ke4 Kb7 61.
c4 Bc7 62. Bf4 Bd8 63. Ke5 Bc7+ 64. Ke4 Bd8 65. Bd6 Kc8 66. Bc5 Kd7 67. Ke5 f6+
68. Ke4 g5 69. Bf2 Kd6 70. Bd4 c5 71. Bf2 Kc6 72. Bg3 Bb6 73. h4 h6 74. Be1 Bd8
75. Bf2 Kd6 76. Bg3+ Kc6 77. Kf3 Bc7 78. Be1 Bd8 79. Bf2 Kd6 80. Ke4 Kc6 81. h5
Kd6 82. Be1 Kc6 83. Bc3 Kd6 84. Bd2 Kc6 85. Bc1 Kd6 86. Be3 Kc6 87. Bf2 Kd6 88.
Bg3+ Kc6 89. Bh2 Bb6 90. Bb8 Bd8 91. Bg3 Bb6 92. Be1 Bd8 93. Bd2 Kd6 94. Be3 Kc6
95. Bc1 1/2-1/2